Teorie a metody měření přenosu vibrací mechanickými díly

Salvato in:
Dettagli Bibliografici
Autore principale: Urban, Pavel (Autore)
Natura: Libro
Lingua:ceco
Pubblicazione: Praha : Academia, 1973
Soggetti:
Tags: Aggiungi Tag
Nessun Tag, puoi essere il primo ad aggiungerne!!

MARC

LEADER 00000nam a22000003a 4500
001 stu83895
005 20150617225635.5
008 040210s1973----cs------------------cze-d
040 |a STU  |b slo 
041 0 |a cze 
044 |a cs 
080 |a 531.7 
100 1 |a Urban, Pavel  |4 aut 
245 1 |a Teorie a metody měření přenosu vibrací mechanickými díly 
260 |a Praha :  |b Academia,  |c 1973 
300 |a 82 s 
650 7 |a Vibrácie mechanické  |2 stusub 
996 |b 284J016219  |c J*39792  |l JJSK  |s A  |a 24  |w stu83895_0001